000 00422pab a2200157 454500
008 180718b2012 xxu||||| |||| 00| 0 eng d
100 _aRai, Santosh Kumar
245 _aMuslim weaver's politics in early 20th Century northern India: Locating and identity
260 _c2012
300 _ap.61-70.
362 _a14 Apr
650 _aMuslims
773 _aEconomic and Political Weekly
908 _aN
909 _a96314
999 _c96314
_d96314